000
00285nam a22001097a 4500
008
160622b xxu||||| |||| 00| 0 eng d
100
_9
366
_a
Buddle, P,
245
_a
Air Patrol and the Saboteurs
260
_b
Rigby Ltd.
_c
1973
300
_a
Air Patrol and the Saboteurs
942
_2
ddc
_c
BK
999
_c
298
_d
298